[Event "RUS-ch Eurasia Cup op"]
[Site "Ekaterinburg"]
[Date "2018.08.03"]
[Round "3"]
[White "Shadrin, Anton"]
[Black "Ivanov, Andrew"]
[Result "0-1"]
[WhiteElo "2092"]
[BlackElo "2398"]
[PlyCount "110"]
[EventDate "2018.08.01"]
[EventType "swiss"]
[EventRounds "9"]
[EventCountry "RUS"]
[SourceTitle "CBM 185 Extra"]
[Source "ChessBase"]
[SourceDate "2018.07.29"]
[SourceVersion "1"]
[SourceVersionDate "2018.07.29"]
[SourceQuality "1"]

1. d4 d5 2. Nc3 Nf6 3. Bf4 a6 4. e3 Bf5 5. f3 h5 6. Bd3 Bxd3 7. Qxd3 e6 8. e4 Be7 9. h4 Nc6 10. 0-0-0 Qd7 11. Nh3 Nh7 12. Bg3 0-0-0 13. Bf2 g6 14. Nf4 Nf6 15. Kb1 dxe4 16. fxe4 Ng4 17. Bg1 e5 18. Nfd5 exd4 19. Bxd4 Nxd4 20. Qxd4 Kb8 21. Qg1 Bd6 22. Ne3 Ne5 23. Qf1 Qe6 24. Ncd5 c6 25. Nf4 Qe7 26. Nd3 Nd7 27. Nc4 Bc7 28. Re1 Nf6 29. Qf3 Rhe8 30. e5 Ng4 31. Rhf1 Nh2 32. Qxf7 Nxf1 33. Qxf1 Qxh4 34. Nd2 g5 35. a3 g4 36. Re4 Rd5 37. Qe2 Qd8 38. Nb3 Re7 39. Nbc1 Rd4 40. Re3 Rd5 41. Re4 Rd4 42. Re3 Bb6 43. Qe1 a5 44. Re2 a4 45. Qh4 Qe8 46. Qe1 Bc7 47. Re3 Rd5 48. e6 Rf5 49. Re4 b6 50. Na2 Rf6 51. Qc3 Rf1+ 52. Nac1 Rxe6 53. Rxa4 Re4 54. b4 c5 55. Qb3 c4 0-1

[Event "Nezhmetdinov Memorial 39th"]
[Site "Kazan"]
[Date "2017.06.08"]
[Round "9"]
[White "Ivanov, Andrew"]
[Black "Zhafyarov, Adel"]
[Result "1-0"]
[WhiteElo "2392"]
[BlackElo "2111"]
[PlyCount "89"]
[EventDate "2017.05.31"]
[EventType "swiss"]
[EventRounds "9"]
[EventCountry "RUS"]
[SourceTitle "EXT 2018"]
[Source "ChessBase"]
[SourceDate "2017.10.13"]
[SourceVersion "1"]
[SourceVersionDate "2017.10.13"]
[SourceQuality "1"]

1. d4 d5 2. c4 e6 3. Nf3 Nf6 4. g3 dxc4 5. Bg2 Nbd7 6. 0-0 a6 7. a4 Be7 8. Qc2 Rb8 9. a5 0-0 10. Qxc4 b5 11. axb6 Rxb6 12. Nc3 Rb4 13. Qd3 c5 14. d5 c4 15. Qd1 exd5 16. Nxd5 Nxd5 17. Qxd5 Bb7 18. Qf5 Nc5 19. Be3 Qc8 20. Qe5 Re8 21. Bd4 Bf8 22. Qh5 g6 23. Qh4 Nb3 24. Bc3 Rb6 25. Rad1 Bg7 26. Bh3 f5 27. Bg2 Bxc3 28. bxc3 Qc7 29. Ng5 Bxg2 30. Kxg2 Rc6 31. Kg1 h5 32. Rd5 Rc5 33. e4 f4 34. gxf4 Rxd5 35. exd5 Qd7 36. Rd1 Nc5 37. d6 Qf5 38. Rd4 Rd8 39. Ne4 Ne6 40. Qe7 Rf8 41. d7 Qg4+ 42. Kf1 Qh3+ 43. Ke1 Nd8 44. Nf6+ Rxf6 45. Qxd8+ 1-0

[Event "Nezhmetdinov Memorial 39th"]
[Site "Kazan"]
[Date "2017.06.07"]
[Round "8"]
[White "Yudin, Sergei"]
[Black "Ivanov, Andrew"]
[Result "1-0"]
[WhiteElo "2522"]
[BlackElo "2392"]
[PlyCount "81"]
[EventDate "2017.05.31"]
[EventType "swiss"]
[EventRounds "9"]
[EventCountry "RUS"]
[SourceTitle "CBM 178 Extra"]
[Source "ChessBase"]
[SourceDate "2017.06.22"]
[SourceVersion "1"]
[SourceVersionDate "2017.06.22"]
[SourceQuality "1"]

1. e4 c6 2. Nf3 d5 3. exd5 cxd5 4. Ne5 Nf6 5. d4 g6 6. c3 Bg7 7. Bd3 Nc6 8. f4 0-0 9. 0-0 Bf5 10. Be2 Qb6 11. Nd2 Nxe5 12. fxe5 Ne4 13. Nf3 Bg4 14. Qb3 Qc6 15. Bb5 Qe6 16. c4 Rad8 17. Be3 Kh8 18. Rac1 f5 19. cxd5 Qxd5 20. Qxd5 Rxd5 21. Bd3 Rd7 22. h3 Bxf3 23. Rxf3 Rfd8 24. Bb5 Rd5 25. Ba4 h5 26. Bb3 R5d7 27. g4 fxg4 28. hxg4 h4 29. Kg2 Rxd4 30. Rh3 g5 31. Bxd4 Rxd4 32. Rc8+ Kh7 33. Bc2 Kh6 34. Rd3 Rb4 35. Rb3 Rd4 36. Rxb7 h3+ 37. Kxh3 Nf2+ 38. Kg3 Nxg4 39. Rxe7 Bxe5+ 40. Kh3 Bg7 41. Rh8+ 1-0

[Event "Nezhmetdinov Memorial 39th"]
[Site "Kazan"]
[Date "2017.06.05"]
[Round "6"]
[White "Rodionova, Daria"]
[Black "Ivanov, Andrew"]
[Result "0-1"]
[WhiteElo "2148"]
[BlackElo "2392"]
[PlyCount "100"]
[EventDate "2017.05.31"]
[EventType "swiss"]
[EventRounds "9"]
[EventCountry "RUS"]
[SourceTitle "EXT 2018"]
[Source "ChessBase"]
[SourceDate "2017.10.13"]
[SourceVersion "1"]
[SourceVersionDate "2017.10.13"]
[SourceQuality "1"]

1. e4 c6 2. d4 d5 3. Nc3 dxe4 4. Nxe4 Nd7 5. Nf3 Ngf6 6. Ng3 e6 7. Bd3 Qc7 8. 0-0 Be7 9. c4 0-0 10. Qc2 c5 11. Be3 b6 12. h3 Bb7 13. Ng5 h6 14. N5e4 cxd4 15. Bxd4 Ne5 16. Be2 Nxe4 17. Nxe4 Ng6 18. Rfe1 Qf4 19. Bd3 Rad8 20. Be3 Qh4 21. Nc3 Ne5 22. Be4 Bxe4 23. Qxe4 Nxc4 24. Bc1 Qxe4 25. Nxe4 Bb4 26. Rf1 Rd4 27. Ng3 Rfd8 28. b3 Nd2 29. Bxd2 Rxd2 30. Ne4 Re2 31. Ng3 Rc2 32. Rfc1 Rdd2 33. Rxc2 Rxc2 34. a3 Bc5 35. Ne4 Bd4 36. Rd1 e5 37. Rd2 Rc1+ 38. Kh2 Rb1 39. Rd3 Re1 40. f3 Kf8 41. a4 Ke7 42. Ng3 g6 43. h4 h5 44. Ne4 f5 45. Nc3 a5 46. Kg3 f4+ 47. Kh2 Bg1+ 48. Kh3 Bf2 49. Rd1 Rxd1 50. Nxd1 Bd4 0-1

[Event "Zudov Memorial 10th"]
[Site "Nizhnij Tagil"]
[Date "2014.09.15"]
[Round "5"]
[White "Ivanov, Andrew"]
[Black "Maletin, Pavel"]
[Result "0-1"]
[WhiteElo "2407"]
[BlackElo "2570"]
[PlyCount "118"]
[EventDate "2014.09.11"]
[EventType "swiss"]
[EventRounds "9"]
[EventCountry "RUS"]
[SourceTitle "CBM 162 Extra"]
[Source "ChessBase"]
[SourceDate "2014.10.17"]
[SourceVersion "1"]
[SourceVersionDate "2014.10.17"]
[SourceQuality "1"]

1. d4 Nf6 2. c4 e6 3. Nc3 Bb4 4. e3 0-0 5. Bd3 c5 6. Nf3 d5 7. 0-0 cxd4 8. exd4 dxc4 9. Bxc4 b6 10. Qe2 Bb7 11. Rd1 Nc6 12. d5 exd5 13. Nxd5 Nxd5 14. Bxd5 Qf6 15. Bg5 Qg6 16. Rac1 Bc5 17. a3 Rae8 18. Qc2 Qxc2 19. Rxc2 a5 20. b4 axb4 21. axb4 Nxb4 22. Rxc5 Nxd5 23. Rcxd5 Bxd5 24. Rxd5 b5 25. Bf4 Rd8 26. Re5 Rd1+ 27. Ne1 f6 28. Re3 Ra8 29. f3 b4 30. Bg3 Rb1 31. Re7 b3 32. Rb7 b2 33. Kf2 Rxe1 34. Rxb2 Rea1 35. Bf4 R1a2 36. Rxa2 Rxa2+ 37. Kg3 Kf7 38. h4 h5 39. Be3 Ke6 40. Bc5 Kd5 41. Bf8 g6 42. Be7 f5 43. Bf6 Kc4 44. Be5 Kd3 45. Bc7 Ra4 46. Bd8 Ke2 47. Be7 Kf1 48. Kh3 Ra2 49. g4 Kf2 50. gxf5 gxf5 51. f4 Kf3 52. Bd6 Ra4 53. Bc7 Rxf4 54. Bb8 Rg4 55. Ba7 Ke2 56. Bb6 f4 57. Bc5 f3 58. Bb6 f2 59. Bxf2 Kxf2 0-1

[Event "Zudov Memorial 10th"]
[Site "Nizhnij Tagil"]
[Date "2014.09.13"]
[Round "3"]
[White "Yudin, Sergei"]
[Black "Ivanov, Andrew"]
[Result "1/2-1/2"]
[WhiteElo "2545"]
[BlackElo "2407"]
[PlyCount "239"]
[EventDate "2014.09.11"]
[EventType "swiss"]
[EventRounds "9"]
[EventCountry "RUS"]
[SourceTitle "CBM 162 Extra"]
[Source "ChessBase"]
[SourceDate "2014.10.17"]
[SourceVersion "1"]
[SourceVersionDate "2014.10.17"]
[SourceQuality "1"]

1. e4 e5 2. Nf3 Nc6 3. Bc4 Bc5 4. d3 Nf6 5. Nbd2 d6 6. c3 0-0 7. h3 a6 8. Bb3 Be6 9. Nc4 h6 10. 0-0 Ba7 11. Re1 Re8 12. a4 b5 13. Ne3 b4 14. a5 bxc3 15. bxc3 Rb8 16. Ba4 Bd7 17. Nh2 Ne7 18. Nhg4 Nxg4 19. hxg4 Bxe3 20. Bxe3 Ng6 21. Bc2 Qh4 22. f3 Rb2 23. Qd2 Reb8 24. Reb1 Qg3 25. Bf2 Qf4 26. Be3 Qg3 27. Bf2 Qf4 28. Be3 Qf6 29. Rxb2 Rxb2 30. Qc1 Rb8 31. g5 hxg5 32. Bxg5 Qe6 33. Rb1 Qe8 34. Bb3 Rb5 35. c4 Rb7 36. c5 Rb5 37. cxd6 cxd6 38. Bc4 Rxa5 39. Be3 Bb5 40. Qc3 Qd8 41. Bd2 Ra4 42. Qb3 Qb6+ 43. Kh2 Qa7 44. Rc1 Qe7 45. g3 Nf8 46. Kg2 Ne6 47. Bxe6 Qxe6 48. Qxe6 fxe6 49. Bg5 Ra2+ 50. Kh3 Bxd3 51. Rc6 Be2 52. Rxd6 Kf7 53. f4 Bf3 54. fxe5 Ra1 55. g4 Bxe4 56. Rd7+ Kg6 57. Be7 Rf1 58. Rd6 Kf7 59. Bd8 Ra1 60. Bb6 Bd5 61. Rd7+ Kg6 62. Bc5 Rh1+ 63. Kg3 Rf1 64. Ra7 Rf3+ 65. Kh4 Bc4 66. Re7 Rb3 67. Bd6 Bd5 68. Rc7 Rf3 69. Ra7 Bc4 70. Re7 Rf1 71. Rc7 Rh1+ 72. Kg3 Rg1+ 73. Kf4 Bb3 74. Ra7 Ra1 75. Kg3 Rg1+ 76. Kf2 Rxg4 77. Rxa6 Bd5 78. Ra7 Rg2+ 79. Ke3 Rg4 80. Bf8 Kh7 81. Rc7 Kg8 82. Bd6 Re4+ 83. Kf2 Rg4 84. Ke3 Rg2 85. Be7 Rg1 86. Bd6 Rf1 87. Rc8+ Kh7 88. Rf8 Re1+ 89. Kf2 Rb1 90. Kg3 Kh6 91. Rg8 Rf1 92. Rf8 Rg1+ 93. Kh2 Rg2+ 94. Kh3 Rb2 95. Kg4 Kg6 96. Kh4 Rc2 97. Kg4 Rc4+ 98. Kg3 Rd4 99. Rf4 Rd3+ 100. Kg4 Bg2 101. Rf8 Bh3+ 102. Kf4 Bf5 103. Rb8 Rd4+ 104. Kf3 Rc4 105. Kg3 Ra4 106. Kf3 Be4+ 107. Kg3 Bd5 108. Rg8 Kh6 109. Bf8 Ra7 110. Bc5 Rb7 111. Kg4 Rc7 112. Bd6 Rc4+ 113. Kg3 g5 114. Be7 Rc3+ 115. Kf2 Rf3+ 116. Ke2 Rf5 117. Bf6 Kh5 118. Rg7 Kg4 119. Ke3 Kh4 120. Rxg5 1/2-1/2

[Event "Zudov Memorial 10th"]
[Site "Nizhnij Tagil"]
[Date "2014.09.12"]
[Round "2"]
[White "Ivanov, Andrew"]
[Black "Savchenko, Boris"]
[Result "1-0"]
[WhiteElo "2407"]
[BlackElo "2608"]
[PlyCount "81"]
[EventDate "2014.09.11"]
[EventType "swiss"]
[EventRounds "9"]
[EventCountry "RUS"]
[SourceTitle "CBM 162 Extra"]
[Source "ChessBase"]
[SourceDate "2014.10.17"]
[SourceVersion "1"]
[SourceVersionDate "2014.10.17"]
[SourceQuality "1"]

1. d4 e6 2. c4 Nf6 3. Nc3 d5 4. cxd5 exd5 5. Bf4 c5 6. Nf3 Nc6 7. e3 a6 8. Be2 Be6 9. 0-0 c4 10. Ne5 Rc8 11. Bf3 b5 12. e4 dxe4 13. Nxc6 Rxc6 14. Nxe4 Nd5 15. Be5 f6 16. Bg3 Kf7 17. a4 b4 18. Re1 Qd7 19. Rc1 Be7 20. h3 Rhc8 21. a5 b3 22. Nc3 Nxc3 23. Rxc3 Bd5 24. Bg4 f5 25. Bxf5 Qxf5 26. Re5 Qd7 27. Qh5+ Kg8 28. Rxd5 Qb7 29. Qd1 Bb4 30. Rf3 Bf8 31. Rdf5 Rg6 32. Kh2 Bd6 33. d5 Qd7 34. Qd4 Bxg3+ 35. fxg3 c3 36. Qb4 h6 37. bxc3 Qb5 38. Rf8+ Rxf8 39. Rxf8+ Kh7 40. Qxb5 axb5 41. Rb8 1-0

[Event "RUS Cup tt"]
[Site "Izhevsk"]
[Date "2010.11.22"]
[Round "3"]
[White "Terekhin, Anatoly"]
[Black "Ivanov, Andrew"]
[Result "1-0"]
[WhiteElo "2286"]
[BlackElo "2408"]
[PlyCount "63"]
[EventDate "2010.11.20"]
[EventType "team-tourn"]
[EventRounds "5"]
[EventCountry "RUS"]
[SourceTitle "CBM 139 Extra"]
[Source "ChessBase"]
[SourceDate "2011.01.05"]
[SourceVersion "1"]
[SourceVersionDate "2011.01.05"]
[SourceQuality "1"]

1. c4 c5 2. Nf3 Nf6 3. Nc3 e6 4. e3 d5 5. d4 Nc6 6. cxd5 exd5 7. Bb5 a6 8. Bxc6+ bxc6 9. 0-0 Be7 10. dxc5 Bxc5 11. b3 0-0 12. h3 Bb7 13. Na4 Bd6 14. Bb2 c5 15. Rc1 Rc8 16. Nh4 Re8 17. Nf5 Bf8 18. Qf3 Ne4 19. Rfd1 Re6 20. Qf4 Rg6 21. h4 d4 22. f3 Nf6 23. e4 h5 24. b4 cxb4 25. Bxd4 Qa5 26. Rxc8 Bxc8 27. Nb2 Qxa2 28. Qb8 Qe6 29. Bxf6 Qxf6 30. Qxc8 Qxb2 31. Ne7+ Kh7 32. Nxg6 1-0

[Event "RUS Cup tt"]
[Site "Izhevsk"]
[Date "2010.11.21"]
[Round "2"]
[White "Ivanov, Andrew"]
[Black "Geller, Jakov"]
[Result "1/2-1/2"]
[WhiteElo "2408"]
[BlackElo "2544"]
[PlyCount "46"]
[EventDate "2010.11.20"]
[EventType "team-tourn"]
[EventRounds "5"]
[EventCountry "RUS"]
[SourceTitle "CBM 139 Extra"]
[Source "ChessBase"]
[SourceDate "2011.01.05"]
[SourceVersion "1"]
[SourceVersionDate "2011.01.05"]
[SourceQuality "1"]

1. d4 d5 2. c4 e6 3. Nc3 Be7 4. Bf4 Nf6 5. e3 0-0 6. Qc2 c5 7. dxc5 Bxc5 8. Nf3 Nc6 9. a3 Bd7 10. Rd1 Rc8 11. cxd5 exd5 12. Be2 Qe7 13. 0-0 Be6 14. Bg5 Rfd8 15. Qa4 h6 16. Bh4 g5 17. Bg3 Nh5 18. Nb5 Nxg3 19. hxg3 Qf6 20. Rd2 Bb6 21. Rfd1 Rd7 22. Nc3 Rcd8 23. Nb5 Re7 1/2-1/2

[Event "Izhevsk op"]
[Site "Izhevsk"]
[Date "2009.07.23"]
[Round "9"]
[White "Ivanov, Andrew"]
[Black "Krutko, Anatoly"]
[Result "1-0"]
[WhiteElo "2407"]
[BlackElo "2459"]
[PlyCount "77"]
[EventDate "2009.07.15"]
[EventType "swiss"]
[EventRounds "9"]
[EventCountry "RUS"]
[SourceTitle "EXT 2010"]
[Source "ChessBase"]
[SourceDate "2010.11.25"]
[SourceVersion "1"]
[SourceVersionDate "2010.11.25"]
[SourceQuality "1"]

1. d4 Nf6 2. c4 g6 3. Nc3 Bg7 4. e4 0-0 5. Nf3 d6 6. h3 a6 7. Be3 c5 8. Bd3 cxd4 9. Nxd4 Nc6 10. 0-0 Bd7 11. Re1 Kh8 12. Rc1 Qa5 13. Nb3 Qd8 14. c5 Ne5 15. Bf1 Bc6 16. cxd6 exd6 17. Bg5 Re8 18. Qd2 b5 19. Nd4 Bb7 20. Nd5 Bxd5 21. exd5 Qb6 22. Nc6 Nc4 23. Bxc4 bxc4 24. Rxe8+ Rxe8 25. Rxc4 Ne4 26. Qe2 Qb5 27. Be3 Qxd5 28. Qc2 h6 29. b3 Kh7 30. a3 Nc5 31. Nb4 Qb7 32. Bxc5 Re1+ 33. Kh2 dxc5 34. Nd3 Ra1 35. Nxc5 Qb8+ 36. g3 f5 37. Ne6 Qe5 38. Rc7 Qxe6 39. Qc3 1-0

[Event "Izhevsk op"]
[Site "Izhevsk"]
[Date "2009.07.22"]
[Round "8"]
[White "Ivanov, Andrew"]
[Black "Ponkratov, Pavel"]
[Result "0-1"]
[WhiteElo "2407"]
[BlackElo "2564"]
[PlyCount "104"]
[EventDate "2009.07.15"]
[EventType "swiss"]
[EventRounds "9"]
[EventCountry "RUS"]
[SourceTitle "EXT 2010"]
[Source "ChessBase"]
[SourceDate "2010.11.25"]
[SourceVersion "1"]
[SourceVersionDate "2010.11.25"]
[SourceQuality "1"]

1. e4 e5 2. Nf3 Nc6 3. Bc4 Bc5 4. Nc3 Nf6 5. d3 d6 6. Be3 0-0 7. h3 Bb6 8. 0-0 Na5 9. Bb3 c6 10. d4 exd4 11. Bxd4 Bc7 12. e5 Nxb3 13. axb3 dxe5 14. Bxe5 Bf5 15. Bxc7 Qxc7 16. Nh4 Rfd8 17. Qc1 Be6 18. Rd1 a5 19. Qe3 h6 20. Rxd8+ Rxd8 21. Rd1 Rxd1+ 22. Nxd1 Nd5 23. Qd2 Qb6 24. Nf3 Bf5 25. Nd4 Bg6 26. Ne2 Qb4 27. Ndc3 Kh7 28. Kf1 a4 29. Ke1 Nxc3 30. Qxc3 Qe4 31. f3 Qxc2 32. Qxc2 Bxc2 33. b4 Bd3 34. Nc3 b5 35. h4 Kg6 36. g3 Kf5 37. Kd2 Bc4 38. Ke3 Ke5 39. Ne4 Be6 40. Nc3 Bb3 41. f4+ Kd6 42. Kd4 c5+ 43. bxc5+ Kc6 44. Ne2 b4 45. Nc1 Be6 46. Nd3 Kb5 47. Nc1 a3 48. b3 f6 49. f5 Bf7 50. g4 Bg8 51. c6 Kxc6 52. Nd3 Kb5 0-1

[Event "Izhevsk op"]
[Site "Izhevsk"]
[Date "2009.07.20"]
[Round "6"]
[White "Ivanov, Andrew"]
[Black "Gainullin, Yakov"]
[Result "1-0"]
[WhiteElo "2407"]
[BlackElo "2106"]
[PlyCount "47"]
[EventDate "2009.07.15"]
[EventType "swiss"]
[EventRounds "9"]
[EventCountry "RUS"]
[SourceTitle "EXT 2010"]
[Source "ChessBase"]
[SourceDate "2010.11.25"]
[SourceVersion "1"]
[SourceVersionDate "2010.11.25"]
[SourceQuality "1"]

1. d4 d5 2. c4 e6 3. Nf3 Nf6 4. g3 dxc4 5. Bg2 a6 6. 0-0 Nbd7 7. Qc2 Rb8 8. Qxc4 b5 9. Qc2 Bb7 10. Bg5 c5 11. dxc5 Bxc5 12. Nc3 0-0 13. a3 Rc8 14. Rad1 Qe8 15. Qd2 h6 16. Bxh6 gxh6 17. Qxh6 Bxf3 18. Bxf3 Qe7 19. b4 Bxb4 20. axb4 Rxc3 21. Qg5+ Kh8 22. Rxd7 Qxd7 23. Qxf6+ Kg8 24. Qxc3 1-0

[Event "Izhevsk op"]
[Site "Izhevsk"]
[Date "2009.07.19"]
[Round "5"]
[White "Vokarev, Sergey"]
[Black "Ivanov, Andrew"]
[Result "1/2-1/2"]
[WhiteElo "2517"]
[BlackElo "2407"]
[PlyCount "80"]
[EventDate "2009.07.15"]
[EventType "swiss"]
[EventRounds "9"]
[EventCountry "RUS"]
[SourceTitle "EXT 2010"]
[Source "ChessBase"]
[SourceDate "2010.11.25"]
[SourceVersion "1"]
[SourceVersionDate "2010.11.25"]
[SourceQuality "1"]

1. e4 c5 2. Nf3 d6 3. d4 Nf6 4. Nc3 cxd4 5. Nxd4 a6 6. Be3 e6 7. Be2 Qc7 8. a4 b6 9. f4 Be7 10. 0-0 Bb7 11. Bf3 Nbd7 12. Qe2 0-0 13. Bf2 Rfe8 14. e5 dxe5 15. fxe5 Bxf3 16. Nxf3 Nd5 17. Nxd5 exd5 18. e6 Bc5 19. exf7+ Kxf7 20. Qd3 Nf6 21. Kh1 Bxf2 22. Rxf2 Qc4 23. Qf5 Kg8 24. c3 Re7 25. Ne5 Qc5 26. Raf1 Rae8 27. Ng4 Nd7 28. h3 d4 29. cxd4 Qxd4 30. Rf4 Qd6 31. Qc2 Re1 32. R4f3 a5 33. Qc4+ Kh8 34. Qc3 Rxf1+ 35. Rxf1 h6 36. Rf7 Ne5 37. Nxe5 Qxe5 38. Qxe5 Rxe5 39. Rb7 Re4 40. Rxb6 Rxa4 1/2-1/2

[Event "Izhevsk op"]
[Site "Izhevsk"]
[Date "2009.07.18"]
[Round "4"]
[White "Ivanov, Andrew"]
[Black "Kozionov, Sergey"]
[Result "1-0"]
[WhiteElo "2407"]
[BlackElo "2021"]
[PlyCount "102"]
[EventDate "2009.07.15"]
[EventType "swiss"]
[EventRounds "9"]
[EventCountry "RUS"]
[SourceTitle "EXT 2010"]
[Source "ChessBase"]
[SourceDate "2010.11.25"]
[SourceVersion "1"]
[SourceVersionDate "2010.11.25"]
[SourceQuality "1"]

1. e4 e5 2. Nf3 Nc6 3. Bb5 Nd4 4. Nxd4 exd4 5. 0-0 Bc5 6. d3 c6 7. Bc4 d5 8. exd5 cxd5 9. Bb5+ Bd7 10. Bxd7+ Qxd7 11. Nd2 Ne7 12. Qh5 0-0 13. Nf3 Qf5 14. Qh4 Ng6 15. Qg3 Rac8 16. Bd2 Bb6 17. Rac1 Rfe8 18. Rfe1 h6 19. Rxe8+ Rxe8 20. h3 Kh7 21. a4 Qd7 22. a5 Bc7 23. Qg4 Qxg4 24. hxg4 Ne5 25. Nxd4 Nxg4 26. b4 Nf6 27. c4 Be5 28. Nf3 Bb8 29. c5 Rc8 30. a6 bxa6 31. Ra1 Rc6 32. Nd4 Be5 33. Nxc6 Bxa1 34. Nxa7 Be5 35. Nc6 Bc7 36. Ne7 Bd8 37. c6 Ne8 38. Nxd5 Nc7 39. Nc3 g5 40. Be3 Ne8 41. d4 Kg6 42. d5 Kf5 43. Bd4 f6 44. f3 Bc7 45. b5 a5 46. b6 Bf4 47. g4+ Kg6 48. Nb5 h5 49. d6 Nxd6 50. Nxd6 Bxd6 51. gxh5+ Kxh5 1-0

[Event "Ekaterinburg 02"]
[Site "Ekaterinburg"]
[Date "2009.02.??"]
[Round "6"]
[White "Ivanov, Andrew"]
[Black "Prahov, G."]
[Result "1-0"]
[WhiteElo "2392"]
[BlackElo "2252"]
[PlyCount "80"]
[EventDate "2009.02.25"]
[EventType "tourn"]
[EventRounds "11"]
[EventCountry "RUS"]
[EventCategory "2"]
[SourceTitle "EXT 2022"]
[Source "ChessBase"]
[SourceDate "2021.10.06"]
[SourceVersion "1"]
[SourceVersionDate "2021.10.06"]
[SourceQuality "1"]

1. e4 c5 2. Nf3 d6 3. d4 cxd4 4. Nxd4 Nf6 5. Nc3 a6 6. Be3 e5 7. Nb3 Be6 8. Qd2 Nbd7 9. f4 Qc7 10. 0-0-0 b5 11. Kb1 Rc8 12. h3 h5 13. Bd3 Be7 14. Rhe1 Nb6 15. Bxb6 Qxb6 16. Nd5 Qb7 17. Na5 Qa7 18. Nxe7 Qxe7 19. f5 Bd7 20. c4 h4 21. cxb5 axb5 22. Bc2 0-0 23. Qxd6 Qd8 24. Nb3 Qc7 25. Qxc7 Rxc7 26. Rd6 Rc6 27. Rxc6 Bxc6 28. Na5 Bd7 29. Bd3 Rc8 30. a3 Kf8 31. Rc1 Rd8 32. Kc2 Rc8+ 33. Kd2 Rd8 34. Ke3 Ke7 35. Rc7 Kd6 36. Rb7 Ra8 37. b4 Rc8 38. Kd2 Ne8 39. Nb3 Nc7 40. Nc5 Bc6 1-0

[Event "Ekaterinburg 02"]
[Site "Ekaterinburg"]
[Date "2009.02.??"]
[Round "7"]
[White "Samartsev, Alexander"]
[Black "Ivanov, Andrew"]
[Result "1-0"]
[WhiteElo "2334"]
[BlackElo "2392"]
[PlyCount "64"]
[EventDate "2009.02.25"]
[EventType "tourn"]
[EventRounds "11"]
[EventCountry "RUS"]
[EventCategory "2"]
[SourceTitle "EXT 2022"]
[Source "ChessBase"]
[SourceDate "2021.10.06"]
[SourceVersion "1"]
[SourceVersionDate "2021.10.06"]
[SourceQuality "1"]

1. e4 Nf6 2. e5 Nd5 3. d4 d6 4. c4 Nb6 5. exd6 cxd6 6. Nc3 g6 7. Be3 Bg7 8. Rc1 0-0 9. h3 Nc6 10. Nf3 Bf5 11. d5 Ne5 12. b3 a5 13. a4 Rc8 14. Nd4 Bd7 15. Be2 f5 16. f4 Nf7 17. 0-0 Na8 18. Bf3 Nc7 19. Qd2 Kh8 20. Rfe1 Ra8 21. Re2 Re8 22. Rce1 Bf6 23. Na2 Kg8 24. Bf2 Kg7 25. Qd1 Kg8 26. Qc2 Qc8 27. Ne6 Na6 28. Kh1 Nc5 29. Bd4 Nxe6 30. Bxf6 exf6 31. dxe6 Rxe6 32. Rxe6 Bxe6 1-0

[Event "Ekaterinburg 09"]
[Site "Ekaterinburg"]
[Date "2008.09.21"]
[Round "7"]
[White "Karayev, Assylkhan"]
[Black "Ivanov, Andrew"]
[Result "0-1"]
[WhiteElo "2261"]
[BlackElo "2335"]
[PlyCount "122"]
[EventDate "2008.09.15"]
[EventType "tourn"]
[EventRounds "11"]
[EventCountry "RUS"]
[EventCategory "1"]
[SourceTitle "EXT 2010"]
[Source "ChessBase"]
[SourceDate "2010.11.25"]
[SourceVersion "1"]
[SourceVersionDate "2010.11.25"]
[SourceQuality "1"]

1. b3 b6 2. Bb2 Bb7 3. e3 e6 4. f4 Nf6 5. Nf3 Be7 6. Be2 c5 7. 0-0 0-0 8. d3 d5 9. Ne5 Nc6 10. Nd2 Nd7 11. Qe1 Ndxe5 12. fxe5 Bg5 13. Bd1 Bh6 14. Nf3 Rc8 15. Kh1 b5 16. a4 b4 17. e4 dxe4 18. Qxe4 Qc7 19. Qe1 Ne7 20. Nd2 Nf5 21. Nc4 Rfd8 22. Bf3 Ba6 23. Be4 Nd4 24. Bxd4 Rxd4 25. Rf3 Bxc4 26. bxc4 g6 27. Qh4 Bg7 28. Rh3 h6 29. Rf1 a5 30. Rhf3 Qxe5 31. Qe7 f5 32. Bc6 Bf6 33. Qa7 Bd8 34. Rg3 g5 35. Rh3 Rc7 36. Qa8 Kg7 37. Rhf3 Be7 38. g3 Rd8 39. Qa6 Rb8 40. Bb7 Rd7 41. R3f2 g4 42. Bg2 h5 43. Rg1 h4 44. Bf1 hxg3 45. Rxg3 Rh8 46. Rgg2 Kf6 47. Re2 Qd6 48. Qxd6 Bxd6 49. Kg1 Rdh7 50. Rd2 Be5 51. Rde2 Bd4+ 52. Kh1 Rh4 53. Rd2 f4 54. Rge2 Be3 55. Rxe3 fxe3 56. Re2 Kf5 57. Kg1 Kf4 58. Kh1 e5 59. Kg1 Rxh2 60. Rxh2 Rxh2 61. Kxh2 Kf3 0-1

[Event "Ekaterinburg 09"]
[Site "Ekaterinburg"]
[Date "2008.09.19"]
[Round "5"]
[White "Kornev, Alexander"]
[Black "Ivanov, Andrew"]
[Result "1/2-1/2"]
[WhiteElo "2314"]
[BlackElo "2335"]
[PlyCount "22"]
[EventDate "2008.09.15"]
[EventType "tourn"]
[EventRounds "11"]
[EventCountry "RUS"]
[EventCategory "1"]
[SourceTitle "EXT 2010"]
[Source "ChessBase"]
[SourceDate "2010.11.25"]
[SourceVersion "1"]
[SourceVersionDate "2010.11.25"]
[SourceQuality "1"]

1. e4 e5 2. Nf3 Nc6 3. Bb5 a6 4. Bxc6 dxc6 5. 0-0 Bg4 6. h3 h5 7. d3 Qf6 8. Nbd2 Ne7 9. Nc4 Bxf3 10. Qxf3 Qxf3 11. gxf3 Ng6 1/2-1/2

[Event "Ekaterinburg 09"]
[Site "Ekaterinburg"]
[Date "2008.09.17"]
[Round "3"]
[White "Onischuk, Nastja"]
[Black "Ivanov, Andrew"]
[Result "0-1"]
[WhiteElo "2125"]
[BlackElo "2335"]
[PlyCount "40"]
[EventDate "2008.09.15"]
[EventType "tourn"]
[EventRounds "11"]
[EventCountry "RUS"]
[EventCategory "1"]
[SourceTitle "EXT 2010"]
[Source "ChessBase"]
[SourceDate "2010.11.25"]
[SourceVersion "1"]
[SourceVersionDate "2010.11.25"]
[SourceQuality "1"]

1. e4 e5 2. Nf3 Nc6 3. Bb5 a6 4. Bxc6 dxc6 5. 0-0 Bg4 6. h3 h5 7. d3 Qf6 8. Be3 Ne7 9. Nbd2 Ng6 10. hxg4 hxg4 11. Ng5 Nf4 12. Qxg4 Qxg5 13. f3 Nh3+ 14. gxh3 Qxe3+ 15. Rf2 Bc5 16. Qg3 Rxh3 17. Qxe5+ Kf8 18. Kg2 Re8 19. Qf5 Rh6 20. Raf1 Ree6 0-1

[Event "Ekaterinburg 09"]
[Site "Ekaterinburg"]
[Date "2008.09.16"]
[Round "2"]
[White "Ivanov, Andrew"]
[Black "Gileva, Irina"]
[Result "1-0"]
[WhiteElo "2335"]
[BlackElo "2124"]
[PlyCount "45"]
[EventDate "2008.09.15"]
[EventType "tourn"]
[EventRounds "11"]
[EventCountry "RUS"]
[EventCategory "1"]
[SourceTitle "EXT 2010"]
[Source "ChessBase"]
[SourceDate "2010.11.25"]
[SourceVersion "1"]
[SourceVersionDate "2010.11.25"]
[SourceQuality "1"]

1. e4 e5 2. Nf3 Nf6 3. d4 Nxe4 4. Bd3 d5 5. dxe5 Nc6 6. 0-0 Bg4 7. Nc3 Nxc3 8. bxc3 Bc5 9. Rb1 Rb8 10. Re1 h6 11. h3 Bh5 12. Rb5 b6 13. Be3 Bxe3 14. Rxe3 a6 15. Rb1 Ra8 16. Qe1 0-0 17. Nd4 Ne7 18. e6 f5 19. g4 fxg4 20. hxg4 Bxg4 21. Rg3 c5 22. Rxg4 cxd4 23. Qe5 1-0